000 00354 a2200157 4500
001 178577
020 _a
040 _cMagnum
100 _aSilva, Yvone Teixeira
240 1 0 _aDo big bang a eletrecidade
_lpor
245 1 0 _aDo big bang a eletrecidade
362 0 _a1899
440 1 _aMelhoramentos
697 _aMAGNITO: PARADIDATICO
942 _cBK
999 _c178577
_d178577